[Event "BIH-chT1 30th"]
[Site "Gorazde"]
[Date "2023.08.28"]
[Round "5.5"]
[White "Mahmutbegovic, Muharem"]
[Black "Narancic, Vlado"]
[Result "0-1"]
[WhiteElo "2018"]
[BlackElo "2252"]
[PlyCount "112"]
[EventDate "2023.08.26"]
[EventType "team-tourn"]
[EventRounds "9"]
[EventCountry "BIH"]
[SourceTitle "EXT 2024"]
[Source "ChessBase"]
[SourceDate "2023.10.10"]
[SourceVersion "1"]
[SourceVersionDate "2023.10.10"]
[SourceQuality "1"]

1. e4 d6 2. d4 g6 3. Be3 Bg7 4. Nc3 Nd7 5. Bc4 Ngf6 6. f3 0-0 7. Qd2 c6 8. a4 d5 9. Bb3 dxe4 10. fxe4 e5 11. Nf3 exd4 12. Bxd4 Qe7 13. 0-0 Nc5 14. Ba2 Ne6 15. Bf2 Ng4 16. Bg3 Qc5+ 17. Kh1 Ne5 18. Nxe5 Bxe5 19. Bxe5 Qxe5 20. Rad1 Kg7 21. Qd6 Qxd6 22. Rxd6 g5 23. Bc4 Nc5 24. b3 Be6 25. Bxe6 fxe6 26. Rxf8 Rxf8 27. Kg1 Kf6 28. Rd1 Ke5 29. h3 a5 30. Rd2 h5 31. Kh2 h4 32. Kg1 Rf4 33. Rd8 Nxe4 34. Ne2 Rf7 35. Nd4 Rf2 36. Nf3+ Kf6 37. Rf8+ Ke7 38. Rb8 Rxc2 39. Rxb7+ Kf6 40. Ra7 Rc1+ 41. Kh2 Ng3 42. Ng1 e5 43. Rxa5 e4 44. Ra8 e3 45. Re8 e2 46. Rxe2 Nxe2 47. Nxe2 Rb1 48. a5 Ke5 49. Ng1 c5 50. Nf3+ Kf4 51. Nd2 Rb2 52. Nc4 Rxb3 53. a6 Rb4 54. Na5 Ra4 55. Nb7 c4 56. Nc5 Ra1 0-1

[Event "BIH-chT1A 28th"]
[Site "Mostar"]
[Date "2021.08.08"]
[Round "4.3"]
[White "Karabegovic, Irfan"]
[Black "Mahmutbegovic, Muharem"]
[Result "0-1"]
[WhiteElo "1968"]
[BlackElo "1968"]
[PlyCount "96"]
[EventDate "2021.08.06"]
[EventType "team-tourn"]
[EventRounds "9"]
[EventCountry "BIH"]
[SourceTitle "CBM 203 Extra"]
[Source "ChessBase"]
[SourceDate "2021.09.30"]
[SourceVersion "1"]
[SourceVersionDate "2021.09.30"]
[SourceQuality "1"]
[WhiteTeam "Cazin Ljiljan"]
[BlackTeam "Zivinice"]
[WhiteTeamCountry "BIH"]
[BlackTeamCountry "BIH"]

1. e4 c6 2. d4 d5 3. exd5 cxd5 4. Nf3 Nf6 5. Nc3 Nc6 6. h3 Bf5 7. Bd3 Ne4 8. Bd2 Nxd2 9. Qxd2 Bxd3 10. Qxd3 e6 11. a3 Bd6 12. 0-0 0-0 13. Rfe1 Rc8 14. Rad1 Ne7 15. Ne2 Ng6 16. c3 Bb8 17. g3 Qd6 18. Kg2 Rfe8 19. Nc1 f6 20. Qd2 Rcd8 21. h4 Ne7 22. Re2 Nf5 23. Qe1 e5 24. dxe5 fxe5 25. c4 e4 26. Nd4 Nxh4+ 27. Kg1 Qg6 28. cxd5 Rxd5 29. Ncb3 Red8 30. Kf1 Nf3 31. Qb4 Qh5 32. Rxe4 Nd2+ 33. Qxd2 Qh1+ 34. Ke2 Qxe4+ 35. Qe3 Qg4+ 36. f3 Qxg3 37. Qe6+ Kh8 38. Kd3 Qxf3+ 39. Kc2 Qg2+ 40. Kc3 Qg3+ 41. Rd3 Qc7+ 42. Kd2 Qe5 43. Qh3 Qh2+ 44. Kc3 Qxh3 45. Rxh3 Be5 46. Rh4 g5 47. Re4 Bxd4+ 48. Nxd4 Rxd4 0-1

[Event "Srpska Republic-chT 1st League"]
[Site "Banja Dvorovi"]
[Date "2018.08.08"]
[Round "5.3"]
[White "Mahmutbegovic, Muharem"]
[Black "Cvijic, Nevenko"]
[Result "1-0"]
[WhiteElo "2018"]
[BlackElo "2104"]
[PlyCount "61"]
[EventDate "2018.08.04"]
[EventType "team-tourn"]
[EventRounds "9"]
[EventCountry "BIH"]
[SourceTitle "CBM 186 Extra"]
[Source "ChessBase"]
[SourceDate "2018.08.24"]
[SourceVersion "1"]
[SourceVersionDate "2018.08.24"]
[SourceQuality "1"]
[WhiteTeam "Bijeljina Svetozar Gligoric"]
[BlackTeam "Teslic Mladost"]
[WhiteTeamCountry "BIH"]
[BlackTeamCountry "BIH"]

1. e4 c5 2. Nf3 Nc6 3. d4 cxd4 4. Nxd4 Nf6 5. Nc3 e5 6. Nb3 Bb4 7. Bg5 h6 8. Bxf6 Qxf6 9. Bc4 Qg6 10. 0-0 Bxc3 11. bxc3 Qxe4 12. Bd5 Qg6 13. f4 0-0 14. f5 Qf6 15. Nc5 Ne7 16. Ne4 Qb6+ 17. Kh1 Nxd5 18. Qxd5 Qc6 19. Qxe5 d5 20. Ng3 Re8 21. Qd4 b6 22. Nh5 f6 23. Qg4 Re7 24. Rae1 Rf7 25. Rf3 g5 26. Nf4 Qa4 27. Qh5 Bxf5 28. Nxd5 Qxc2 29. Qxh6 Qd2 30. Rfe3 Bd7 31. Ne7+ 1-0

[Event "Srpska Republic-chT 1st League"]
[Site "Banja Dvorovi"]
[Date "2018.08.06"]
[Round "3.4"]
[White "Mahmutbegovic, Muharem"]
[Black "Radovanovic, Milan"]
[Result "1-0"]
[WhiteElo "2018"]
[BlackElo "2079"]
[PlyCount "97"]
[EventDate "2018.08.04"]
[EventType "team-tourn"]
[EventRounds "9"]
[EventCountry "BIH"]
[SourceTitle "CBM 186 Extra"]
[Source "ChessBase"]
[SourceDate "2018.08.24"]
[SourceVersion "1"]
[SourceVersionDate "2018.08.24"]
[SourceQuality "1"]
[WhiteTeam "Bijeljina Svetozar Gligoric"]
[BlackTeam "Bileca Hercegovac"]
[WhiteTeamCountry "BIH"]
[BlackTeamCountry "BIH"]

1. e4 Nf6 2. e5 Nd5 3. c4 Nb6 4. d4 d6 5. exd6 cxd6 6. Nf3 g6 7. b3 Bg7 8. Bb2 0-0 9. Be2 Nc6 10. 0-0 Bg4 11. h3 Bxf3 12. Bxf3 e5 13. Bxc6 bxc6 14. dxe5 dxe5 15. Qe2 Re8 16. Rd1 Qc7 17. Nc3 Rad8 18. Ne4 Rxd1+ 19. Rxd1 Rd8 20. Nc5 Rxd1+ 21. Qxd1 h6 22. a4 Nc8 23. Qd7 Qxd7 24. Nxd7 f6 25. Ba3 Kf7 26. Nb8 Ke6 27. Nxc6 Kd7 28. Nb4 Bf8 29. Kf1 Bc5 30. Nc2 Bxa3 31. Nxa3 a6 32. Ke2 Nd6 33. Kd3 a5 34. Nc2 Nb7 35. Kc3 Nc5 36. f3 f5 37. b4 axb4+ 38. Kxb4 Kc6 39. a5 Na6+ 40. Kc3 Kc5 41. Ne1 h5 42. Nd3+ Kd6 43. c5+ Ke6 44. Kc4 g5 45. Nb4 Nc7 46. a6 e4 47. fxe4 fxe4 48. a7 Ke5 49. Na6 1-0

[Event "Bosnjaci op 23rd"]
[Site "Bosnjaci"]
[Date "2018.01.06"]
[Round "5"]
[White "Mahmutbegovic, Muharem"]
[Black "Stocko, Josip"]
[Result "0-1"]
[WhiteElo "2033"]
[BlackElo "2308"]
[PlyCount "50"]
[EventDate "2018.01.03"]
[EventType "swiss"]
[EventRounds "9"]
[EventCountry "CRO"]
[SourceTitle "CBM 182 Extra"]
[Source "ChessBase"]
[SourceDate "2018.02.23"]
[SourceVersion "1"]
[SourceVersionDate "2018.02.23"]
[SourceQuality "1"]

1. e4 c5 2. Nf3 d6 3. d4 cxd4 4. Nxd4 Nf6 5. Nc3 a6 6. Be3 e5 7. Nf3 Be7 8. a4 Qc7 9. Bg5 Nbd7 10. Nd2 h6 11. Bh4 b6 12. Bc4 Bb7 13. Qe2 0-0 14. 0-0 Bd8 15. Rfd1 Nh7 16. Bxd8 Rfxd8 17. Nf1 Ndf6 18. Ng3 g6 19. h4 h5 20. Nd5 Nxd5 21. Bxd5 Bxd5 22. exd5 Qe7 23. Rd4 Nf6 24. Rb4 Nxd5 25. Rd4 exd4 0-1

[Event "Bosnjaci op 22nd"]
[Site "Bosnjaci"]
[Date "2017.01.04"]
[Round "2"]
[White "Stankovic, Milos"]
[Black "Mahmutbegovic, Muharem"]
[Result "1-0"]
[WhiteElo "2376"]
[BlackElo "2042"]
[PlyCount "37"]
[EventDate "2017.01.03"]
[EventType "swiss"]
[EventRounds "9"]
[EventCountry "CRO"]
[SourceTitle "CBM 176 Extra"]
[Source "ChessBase"]
[SourceDate "2017.03.02"]
[SourceVersion "1"]
[SourceVersionDate "2017.03.02"]
[SourceQuality "1"]

1. e4 c5 2. Nf3 d6 3. d4 cxd4 4. Qxd4 e5 5. Qe3 Nf6 6. c4 Be7 7. Be2 Bd7 8. Nc3 Nc6 9. 0-0 0-0 10. h3 a6 11. Rd1 Qc7 12. b3 Nd8 13. Ba3 Ne6 14. Nxe5 Be8 15. Ng4 Nxg4 16. Bxg4 Bc6 17. Qg3 Rad8 18. Bb2 Nc5 19. b4 1-0

[Event "Lukavac op 5th"]
[Site "Lukavac"]
[Date "2016.11.26"]
[Round "5"]
[White "Mahmutbegovic, Muharem"]
[Black "Hutinovic, Halim"]
[Result "1/2-1/2"]
[WhiteElo "1843"]
[BlackElo "2019"]
[PlyCount "132"]
[EventDate "2016.11.24"]
[EventType "swiss"]
[EventRounds "7"]
[EventCountry "BIH"]
[SourceTitle "EXT 2019"]
[Source "ChessBase"]
[SourceDate "2018.10.10"]
[SourceVersion "1"]
[SourceVersionDate "2018.10.10"]
[SourceQuality "1"]

1. e4 c6 2. d4 d5 3. Nc3 dxe4 4. Nxe4 Bf5 5. Ng3 Bg6 6. h4 h6 7. Nh3 e6 8. Nf4 Bh7 9. Be3 Nf6 10. Bd3 Bxd3 11. Qxd3 Bd6 12. 0-0-0 Nbd7 13. Ngh5 Nxh5 14. Nxh5 Qa5 15. Nxg7+ Kf8 16. Nxe6+ fxe6 17. Qg6 Qf5 18. Bxh6+ Rxh6 19. Qxh6+ Kf7 20. g3 Rg8 21. Qe3 Nf6 22. Qb3 b5 23. Qc3 c5 24. Qa5 cxd4 25. Qxa7+ Kg6 26. Qxd4 Bc5 27. Qd3 Qxd3 28. Rxd3 Bxf2 29. Rf3 Ng4 30. Kd2 e5 31. Ke2 Bc5 32. Rc3 Bd4 33. Rc6+ Kf5 34. c3 Be3 35. Rf1+ Ke4 36. a4 Nh2 37. Rh1 Rd8 38. Rd1 Rf8 39. Rdd6 Rf2+ 40. Kd1 Rxb2 41. axb5 Rxb5 42. Kc2 Ng4 43. h5 Kf3 44. h6 Rb7 45. Rg6 Rh7 46. c4 Nxh6 47. Rcf6+ Ke2 48. c5 Nf7 49. c6 Nd8 50. Rg8 Bb6 51. Rd6 Nxc6 52. Rxc6 Bd4 53. Rc4 Ke3 54. Rg4 Rh2+ 55. Kb3 Rb2+ 56. Ka3 Rb7 57. Rh4 Kd3 58. Ra4 Rb1 59. Rh2 Bc3 60. Rh3 Rg1 61. g4+ Kc2 62. Rh2+ Bd2 63. Rxd2+ Kxd2 64. Re4 Kc3 65. Ka4 Kd3 66. Rxe5 Rxg4+ 1/2-1/2

[Event "EU-ch U14 26th"]
[Site "Prague"]
[Date "2016.08.24"]
[Round "6"]
[White "Mahmutbegovic, Muharem"]
[Black "Pravda, Krystof"]
[Result "0-1"]
[WhiteElo "1966"]
[BlackElo "1682"]
[PlyCount "32"]
[EventDate "2016.08.18"]
[EventType "swiss"]
[EventRounds "9"]
[EventCountry "CZE"]
[SourceTitle "CBM 174 Extra"]
[Source "ChessBase"]
[SourceDate "2016.10.10"]
[SourceVersion "1"]
[SourceVersionDate "2016.10.10"]
[SourceQuality "1"]

1. e4 e5 2. Nf3 Nc6 3. d4 exd4 4. Nxd4 Nf6 5. Nxc6 bxc6 6. e5 Nd5 7. c4 Nb6 8. Bd3 d5 9. exd6 Bxd6 10. 0-0 0-0 11. c5 Bxc5 12. Bxh7+ Kxh7 13. Qh5+ Kg8 14. Qxc5 Re8 15. Nc3 Ba6 16. Rd1 Qxd1+ 0-1